Corporate governance : (Registro nro. 8244)

Detalles MARC
000 -LEADER
fixed length control field 01210nam a2200229Ia 4500
003 - CONTROL NUMBER IDENTIFIER
control field OSt
005 - DATE AND TIME OF LATEST TRANSACTION
control field 20210805151938.0
008 - FIXED-LENGTH DATA ELEMENTS--GENERAL INFORMATION
fixed length control field 210310s2000 eu fr 000 0 eng d
040 ## - CATALOGING SOURCE
Original cataloging agency CO-JMCR
Transcribing agency CO-JMCR
041 0# - LANGUAGE CODE
Language code of text/sound track or separate title spa
082 04 - DEWEY DECIMAL CLASSIFICATION NUMBER
Classification number 332.6 /
Item number I81c
Edition number 23
100 1# - MAIN ENTRY--PERSONAL NAME
Personal name Iskander, Magdi R.,
9 (RLIN) 16730
Relator term autora
245 #0 - TITLE STATEMENT
Title Corporate governance :
Remainder of title a framework for implementation : overview /
Statement of responsibility, etc. Iskander, Magdi R., Nedereh Chamlou ; foreword by Sir Adrian Cadbury
260 ## - PUBLICATION, DISTRIBUTION, ETC.
Place of publication, distribution, etc. Washington :
Name of publisher, distributor, etc. Banco Mundial,
Date of publication, distribution, etc. 2000
300 ## - PHYSICAL DESCRIPTION
Extent 30 páginas ;
Dimensions 22 cm.
505 0# - FORMATTED CONTENTS NOTE
Formatted contents note Foreword -- Acknowledgments -- Why corporate governance matters more than ever -- Balancing diverging interests -- A corporate governance framework: the internal and external architecture -- The challenge of corporate governance in emerging markets is daunting -- World Bank Group strategy for helping countries develop and implement a a comprehensive reform program -- <br/>Memorandum of Understanding
650 14 - SUBJECT ADDED ENTRY--TOPICAL TERM
Topical term or geographic name entry element Gobierno corporativo
9 (RLIN) 16732
General subdivision Desafíos económicos
650 24 - SUBJECT ADDED ENTRY--TOPICAL TERM
Topical term or geographic name entry element Gobierno corporativo
General subdivision Estrategias
9 (RLIN) 39116
700 1# - ADDED ENTRY--PERSONAL NAME
Personal name Chamlou, Nedereh,
Relator term autor
9 (RLIN) 39117
700 1# - ADDED ENTRY--PERSONAL NAME
Personal name Cadbury, Sir Adrian,
Relator term prologuista
9 (RLIN) 39118
942 ## - ADDED ENTRY ELEMENTS (KOHA)
Source of classification or shelving scheme Dewey Decimal Classification
Koha item type Books
Existencias
Withdrawn status Lost status Source of classification or shelving scheme Damaged status Not for loan Collection code Home library Current library Date acquired Source of acquisition Full call number Barcode Date last seen Copy number Koha item type
    Dewey Decimal Classification     Non-fiction Biblioteca Pública José María del Castillo y Rada Biblioteca Pública José María del Castillo y Rada 04/15/2018 Donación 332.6 / I81c 430002834 05/16/2024 Ej.1 Books